| 000 -LEADER |
| fixed length control field |
00487nam a2200193Ia 4500 |
| 001 - CONTROL NUMBER |
| control field |
12721 |
| 003 - CONTROL NUMBER IDENTIFIER |
| control field |
GE_BSU |
| 005 - DATE AND TIME OF LATEST TRANSACTION |
| control field |
20250411144647.0 |
| 008 - FIXED-LENGTH DATA ELEMENTS--GENERAL INFORMATION |
| fixed length control field |
181216s2003||||enk|||||||||||||| ||eng|| |
| 020 ## - INTERNATIONAL STANDARD BOOK NUMBER |
| International Standard Book Number |
9781841493152x |
| 040 ## - CATALOGING SOURCE |
| Transcribing agency |
GE_BSU |
| 041 ## - LANGUAGE CODE |
| Language code of text/sound track or separate title |
eng |
| 080 ## - UNIVERSAL DECIMAL CLASSIFICATION NUMBER |
| Universal Decimal Classification number |
821.111-312.4 C-19 |
| 100 ## - MAIN ENTRY--PERSONAL NAME |
| Personal name |
Canavan, Trudi |
| 9 (RLIN) |
24767 |
| 245 #4 - TITLE STATEMENT |
| Title |
The High Lord: The Black Magician Trilogy / |
| Statement of responsibility, etc. |
Trudi Canavan. |
| 264 ## - PRODUCTION, PUBLICATION, DISTRIBUTION, MANUFACTURE, AND COPYRIGHT NOTICE |
| Place of production, publication, distribution, manufacture |
London, |
| Name of producer, publisher, distributor, manufacturer |
|
| Date of production, publication, distribution, manufacture, or copyright notice |
2003. |
| 300 ## - PHYSICAL DESCRIPTION |
| Extent |
647 p.; |
| Other physical details |
18 cm. |
| 942 ## - ADDED ENTRY ELEMENTS (KOHA) |
| Koha item type |
წიგნი |
| Source of classification or shelving scheme |
|